[Event "Online Olym Div2 B 2020"]
[Site "chess.com INT"]
[Date "2020.08.14"]
[Round "3.3"]
[Board "4"]
[White "Jennitha, Anto K."]
[Black "Taweesupmun, Chanida"]
[Result "1-0"]
[WhiteTitle "WIM"]
[BlackTitle "WCM"]
[WhiteElo "2001"]
[BlackElo "1604"]
[WhiteTeam "IPCA"]
[BlackTeam "Thailand"]
[WhiteFideId "5018218"]
[BlackFideId "6200117"]
[EventDate "2020.08.14"]
[EventType "team"]

1. e4 e5 2. Nf3 Nf6 3. Nxe5 d6 4. Nf3 Nxe4 5. Nc3 Nf6 6. d4 d5 7. Bd3 Bd6 8. O-O
O-O 9. Re1 h6 10. h3 Be6 11. Nb5 c6 12. Nxd6 Qxd6 13. Ne5 Nbd7 14. f4 Nb6 15. f5
Bc8 16. Bf4 Qb4 17. Nf3 Ne4 18. g4 Re8 19. b3 Bd7 20. Bxe4 dxe4 21. Ne5 Rad8 22.
Rxe4 f6 23. Nd3 Qc3 24. Bd2 Qxa1 25. Rxe8+ Rxe8 26. Qxa1 1-0

[Event "Online Olym Div2 B 2020"]
[Site "chess.com INT"]
[Date "2020.08.14"]
[Round "3.3"]
[Board "5"]
[White "Laohawirapap, Prin"]
[Black "Lipilin, Ilia"]
[Result "0-1"]
[BlackTitle "FM"]
[WhiteElo "1913"]
[BlackElo "2189"]
[WhiteTeam "Thailand"]
[BlackTeam "IPCA"]
[WhiteFideId "6205003"]
[BlackFideId "54113245"]
[EventDate "2020.08.14"]
[EventType "team"]

1. e4 c5 2. Nc3 Nc6 3. Bb5 Nd4 4. Nf3 Nxb5 5. Nxb5 d5 6. exd5 a6 7. Nc3 Nf6 8.
d4 c4 9. Ne5 Nxd5 10. Nxc4 Nxc3 11. bxc3 Qc7 12. Qd3 Bf5 13. Qxf5 Qxc4 14. Qd3
Rc8 15. Bd2 e6 16. O-O Ba3 17. Qg3 Bf8 18. f4 g6 19. f5 gxf5 20. Rxf5 exf5 21.
Qe5+ Kd7 22. Qxh8 Bh6 23. Qxh7 Bxd2 24. Qxf5+ Qe6 25. Qh7 Bxc3 26. Rf1 Bxd4+ 27.
Kh1 Kc6 28. Qd3 Rd8 29. c3 Bb6 30. Qf3+ Qd5 31. Qg4 Kc7 32. Qf4+ Kc8 33. c4 Qd7
34. a4 Bc7 35. Qf3 Rh8 36. g3 Qh3 37. Rf2 Qxg3 38. Qxg3 Bxg3 39. Rxf7 Rxh2+ 40.
Kg1 Ra2 41. Rg7 Be5 42. Re7 Bd4+ 43. Kf1 Rxa4 44. Re8+ Kd7 45. Re4 Rxc4 46. Ke2
b5 47. Kd3 Kd6 0-1

[Event "Online Olym Div2 B 2020"]
[Site "chess.com INT"]
[Date "2020.08.14"]
[Round "3.3"]
[Board "6"]
[White "Dorozhkina, Mariya"]
[Black "Chuemsakul, Sarocha"]
[Result "0-1"]
[WhiteTitle "WFM"]
[BlackTitle "WFM"]
[WhiteElo "1705"]
[BlackElo "1668"]
[WhiteTeam "IPCA"]
[BlackTeam "Thailand"]
[WhiteFideId "54132185"]
[BlackFideId "6203710"]
[EventDate "2020.08.14"]
[EventType "team"]

1. d4 Nf6 2. c4 c5 3. d5 b5 4. cxb5 a6 5. bxa6 Bxa6 6. Nc3 g6 7. e4 Bxf1 8. Kxf1
d6 9. g3 Bg7 10. Nf3 O-O 11. Kg2 Nbd7 12. a4 Qb6 13. Qc2 Rfb8 14. Nd2 Qa6 15. h4
Ne5 16. b3 Nd3 17. Ba3 Ng4 18. Rab1 Ndxf2 19. Rhf1 Ne3+ 0-1

[Event "Online Olym Div2 B 2020"]
[Site "chess.com INT"]
[Date "2020.08.14"]
[Round "3.4"]
[Board "1"]
[White "Halvax, Georg"]
[Black "Bologan, Victor"]
[Result "0-1"]
[WhiteTitle "IM"]
[BlackTitle "GM"]
[WhiteElo "2402"]
[BlackElo "2574"]
[WhiteTeam "Austria"]
[BlackTeam "Moldova"]
[WhiteFideId "1619543"]
[BlackFideId "13900048"]
[EventDate "2020.08.14"]
[EventType "team"]

1. d4 d6 2. c4 e5 3. Nf3 e4 4. Ng5 f5 5. Nc3 Be7 6. Nh3 Nf6 7. g3 c6 8. Bg2 Nbd7
9. O-O Nb6 10. b3 d5 11. c5 Nbd7 12. Nf4 Nf8 13. h4 Ne6 14. b4 O-O 15. Nxe6 Bxe6
16. Bf4 h6 17. Qd2 Nh5 18. Be5 g5 19. hxg5 hxg5 20. f3 f4 21. gxf4 e3 22. Qd3
Qe8 23. fxg5 Bxg5 24. f4 Nxf4 25. Bxf4 Bxf4 26. Rxf4 Rxf4 27. Qxe3 Rg4 28. Rf1
Qg6 29. Qf3 Rg3 0-1

[Event "Online Olym Div2 B 2020"]
[Site "chess.com INT"]
[Date "2020.08.14"]
[Round "3.4"]
[Board "2"]
[White "Iordachescu, Viorel"]
[Black "Handler, Lukas"]
[Result "1-0"]
[WhiteTitle "GM"]
[BlackTitle "IM"]
[WhiteElo "2589"]
[BlackElo "2422"]
[WhiteTeam "Moldova"]
[BlackTeam "Austria"]
[WhiteFideId "13900200"]
[BlackFideId "1609580"]
[EventDate "2020.08.14"]
[EventType "team"]

1. e4 e6 2. d4 d5 3. Nc3 Nf6 4. Bg5 Be7 5. e5 Nfd7 6. h4 h6 7. Bxe7 Qxe7 8. Nb5
Nb6 9. c3 a6 10. Na3 c5 11. Nc2 Nc6 12. f4 cxd4 13. Nxd4 O-O 14. Ngf3 f6 15. Bd3
Bd7 16. Qe2 fxe5 17. fxe5 Be8 18. O-O-O Bh5 19. Bc2 Nxd4 20. Rxd4 Bxf3 21. gxf3
Nd7 22. Rg1 Rac8 23. Qd3 Rf5 24. Rxd5 Nxe5 25. Rxe5 1-0

[Event "Online Olym Div2 B 2020"]
[Site "chess.com INT"]
[Date "2020.08.14"]
[Round "3.4"]
[Board "3"]
[White "Froewis, Annika"]
[Black "Verbin, Valentina"]
[Result "0-1"]
[WhiteTitle "WFM"]
[WhiteElo "2136"]
[BlackElo "1982"]
[WhiteTeam "Austria"]
[BlackTeam "Moldova"]
[WhiteFideId "1621432"]
[BlackFideId "13905910"]
[EventDate "2020.08.14"]
[EventType "team"]

1. d4 Nf6 2. Nc3 d5 3. Bf4 c5 4. e3 cxd4 5. exd4 a6 6. Qd2 Nc6 7. O-O-O b5 8. f3
Qa5 9. Kb1 e6 10. g4 Bb4 11. Nge2 Nd7 12. Qe3 Nb6 13. Bc7 Bxc3 14. Nxc3 O-O 15.
Bd3 Ra7 16. Qf4 Bd7 17. Rhg1 b4 18. Ne2 Rc8 19. Bxb6 Qxb6 20. Rg3 Qc7 21. Bxh7+
Kf8 22. Qxc7 Raxc7 23. Bd3 Ra7 24. f4 Ne7 25. Rh3 g6 26. Rg1 Nc6 27. Rf3 Ke7 28.
f5 gxf5 29. gxf5 Rh8 30. f6+ Kd6 31. h3 Nd8 32. Rg7 a5 33. Bh7 Bb5 34. Nf4 Nc6
35. c3 bxc3 36. bxc3 Rb7 37. Kc1 Bc4 38. Rf2 a4 39. h4 a3 40. h5 Rhb8 41. h6 Rb2
42. Bc2 Rxa2 43. h7 Ra1+ 44. Kd2 Rh1 45. Rxf7 a2 46. Ng6 a1=Q 47. Nf8 Qe1# 0-1

[Event "Online Olym Div2 B 2020"]
[Site "chess.com INT"]
[Date "2020.08.14"]
[Round "3.4"]
[Board "4"]
[White "Varekha, Anna"]
[Black "Novkovic, Julia"]
[Result "0-1"]
[BlackTitle "WFM"]
[WhiteElo "1707"]
[BlackElo "2170"]
[WhiteTeam "Moldova"]
[BlackTeam "Austria"]
[WhiteFideId "13909940"]
[BlackFideId "12000086"]
[EventDate "2020.08.14"]
[EventType "team"]

1. b3 e5 2. Bb2 d6 3. e3 Nc6 4. Nf3 e4 5. Nd4 Ne5 6. Be2 a6 7. c4 Qg5 8. Bf1 Bg4
9. f3 exf3 10. Nxf3 Nxf3+ 11. gxf3 Qh4+ 12. Ke2 Bxf3+ 13. Kxf3 Qh5+ 14. Kf2 Qxd1
15. Bg2 Qc2 16. Bc3 Qf5+ 17. Ke2 c6 18. Na3 Nf6 19. Rhf1 Qh5+ 20. Bf3 Qh3 21.
Rf2 Ng4 22. Rg2 Ne5 23. Bxe5 dxe5 24. Nc2 f5 25. Rag1 e4 26. Bxe4 fxe4 27. Rg3
Qh5+ 28. Ke1 O-O-O 29. R1g2 Be7 30. Kf1 Rhf8+ 31. Kg1 Qd1+ 32. Ne1 Qxe1# 0-1

[Event "Online Olym Div2 B 2020"]
[Site "chess.com INT"]
[Date "2020.08.14"]
[Round "3.4"]
[Board "5"]
[White "Blohberger, Felix"]
[Black "Macovei, Andrei"]
[Result "1/2-1/2"]
[WhiteTitle "IM"]
[BlackTitle "IM"]
[WhiteElo "2467"]
[BlackElo "2453"]
[WhiteTeam "Austria"]
[BlackTeam "Moldova"]
[WhiteFideId "1632051"]
[BlackFideId "13904680"]
[EventDate "2020.08.14"]
[EventType "team"]

1. e4 e5 2. Nf3 Nc6 3. Bb5 Nf6 4. O-O Nxe4 5. Re1 Nd6 6. Bf1 Be7 7. Nxe5 Nxe5 8.
Rxe5 O-O 9. Nc3 Bf6 10. Re1 Re8 11. Nd5 Rxe1 12. Qxe1 b6 13. c3 Bb7 14. Nxf6+
Qxf6 15. f3 c5 16. d3 Re8 17. Qf2 Nf5 18. Bd2 h6 19. Re1 Re6 20. a3 a5 21. Re2
g5 22. f4 g4 23. Rxe6 fxe6 24. Qe2 h5 25. Qe5 Qd8 26. d4 cxd4 27. Bd3 Qc8 28.
cxd4 Qc6 29. d5 Qc5+ 30. Kf1 Bxd5 31. Bc3 Kf7 32. Bxf5 Bc4+ 33. Ke1 Qxe5+ 34.
Bxe5 exf5 35. Bc7 a4 36. Bxb6 Bd5 37. g3 Ke6 38. Kd2 Bb3 39. Ke3 Kd5 40. Bc7 Kc4
41. Be5 Bc2 42. Bf6 Be4 43. Be5 Kb3 44. Kd2 Kc4 45. Ke3 Kb3 46. Kd2 Kc4 47. Ke3 1/2-1/2

[Event "Online Olym Div2 B 2020"]
[Site "chess.com INT"]
[Date "2020.08.14"]
[Round "3.4"]
[Board "6"]
[White "Mihailova, Alina"]
[Black "Polterauer, Chiara"]
[Result "1-0"]
[BlackTitle "WFM"]
[WhiteElo "1741"]
[BlackElo "2178"]
[WhiteTeam "Moldova"]
[BlackTeam "Austria"]
[WhiteFideId "13907018"]
[BlackFideId "1638165"]
[EventDate "2020.08.14"]
[EventType "team"]

1. d4 Nf6 2. c4 c5 3. d5 e6 4. Nc3 d6 5. Nf3 exd5 6. cxd5 g6 7. g3 Bg7 8. Bg2
O-O 9. O-O Re8 10. Nd2 Na6 11. Nc4 Nc7 12. a4 Bf5 13. Bf4 Bf8 14. Re1 Ne4 15.
Bxe4 Rxe4 16. Nxe4 Bxe4 17. f3 Bxd5 18. Nxd6 g5 19. Nxf7 Bxf7 20. Qxd8 Rxd8 21.
Bxc7 Rd2 22. Rad1 Rxb2 23. Rd8 1-0

[Event "Online Olym Div2 B 2020"]
[Site "chess.com INT"]
[Date "2020.08.14"]
[Round "3.5"]
[Board "1"]
[White "Rodshtein, Maxim"]
[Black "Kantans, Toms"]
[Result "0-1"]
[WhiteTitle "GM"]
[BlackTitle "GM"]
[WhiteElo "2614"]
[BlackElo "2499"]
[WhiteTeam "Israel"]
[BlackTeam "Latvia"]
[WhiteFideId "2806851"]
[BlackFideId "11602945"]
[EventDate "2020.08.14"]
[EventType "team"]

1. Nf3 c5 2. e4 Nf6 3. e5 Nd5 4. Nc3 e6 5. Nxd5 exd5 6. d4 Nc6 7. Bd3 d6 8. O-O
dxe5 9. dxe5 Be7 10. Re1 O-O 11. c3 Bg4 12. h3 Bh5 13. Bf4 Qb6 14. Rb1 Rad8 15.
Qe2 Rfe8 16. g4 Bg6 17. e6 f6 18. Bxg6 hxg6 19. Qd3 g5 20. Bg3 Bd6 21. Bxd6 Rxd6
22. Re2 Ne7 23. Rbe1 Qa6 24. Qb1 d4 25. cxd4 cxd4 26. Qe4 d3 27. Rd2 Red8 28.
Re3 Qxa2 29. Qxb7 Rxe6 30. Rxe6 Qxe6 31. Qxa7 Ng6 32. Qe3 Qc4 33. Qb6 Rd7 34.
Qb8+ Kh7 35. Kh2 Nf4 36. Qe8 Qd5 37. Kg3 Rc7 38. Rd1 Rc2 39. b4 Re2 40. Qc8 Qe4
41. b5 Rb2 42. Qd7 Ne2+ 43. Kg2 Nf4+ 44. Kg3 Rxf2 45. Qf5+ Qxf5 0-1

[Event "Online Olym Div2 B 2020"]
[Site "chess.com INT"]
[Date "2020.08.14"]
[Round "3.5"]
[Board "2"]
[White "Mustaps, Matiss"]
[Black "Caspi, Israel"]
[Result "1/2-1/2"]
[WhiteTitle "FM"]
[BlackTitle "IM"]
[WhiteElo "2363"]
[BlackElo "2489"]
[WhiteTeam "Latvia"]
[BlackTeam "Israel"]
[WhiteFideId "11602295"]
[BlackFideId "2807394"]
[EventDate "2020.08.14"]
[EventType "team"]

1. e4 e5 2. Nf3 Nc6 3. Bb5 g6 4. d4 exd4 5. c3 a6 6. Bc4 b5 7. Bb3 Bg7 8. Bg5
Nge7 9. cxd4 Na5 10. Nc3 h6 11. Bxe7 Qxe7 12. O-O O-O 13. Rc1 Bb7 14. Re1 Rac8
15. e5 Nxb3 16. Qxb3 Bxf3 17. gxf3 c5 18. Nd5 Qg5+ 19. Kh1 cxd4 20. f4 Qh4 21.
Qg3 Rxc1 22. Rxc1 Qh5 23. Rc7 Kh7 24. Rxd7 Qf5 25. Rd6 Rc8 26. Kg2 Rc1 27. Nf6+
Bxf6 28. Rxf6 Qe4+ 29. Kh3 Rc7 30. f5 Kg7 31. Rxg6+ fxg6 32. Qxg6+ Kf8 33. Qd6+
Re7 34. Qd8+ Kf7 35. e6+ Rxe6 36. fxe6+ Qxe6+ 37. Kg2 Qe4+ 38. Kf1 d3 39. Qd7+
Kg6 40. Qd6+ Kg5 41. Qd8+ Kh5 42. Kg1 Qg4+ 43. Kf1 Qe2+ 44. Kg2 d2 45. Qd5+ Kg6
46. Qg8+ Kf5 47. Qd5+ Kf4 48. Qd6+ Ke4 49. Qg6+ Kd5 50. Qf5+ Kd4 51. Qf6+ Kd3
52. Qc3+ Ke4 53. Qc6+ Kd4 54. Qd6+ Kc4 55. Qc6+ Kd4 56. Qd6+ Ke4 57. Qe6+ Kd3
58. Qb3+ Kd4 59. Qc3+ Ke4 60. Qc6+ Kf5 61. Qd5+ Kf4 62. Qd6+ Kg5 63. Qd5+ Kh4
64. Qd8+ Kh5 65. Qd5+ Kg6 66. Qd6+ Kg5 67. Qd5+ Kf4 1/2-1/2

[Event "Online Olym Div2 B 2020"]
[Site "chess.com INT"]
[Date "2020.08.14"]
[Round "3.5"]
[Board "3"]
[White "Shvayger, Yuliya"]
[Black "Berzina, Ilze"]
[Result "1-0"]
[WhiteTitle "IM"]
[BlackTitle "WGM"]
[WhiteElo "2332"]
[BlackElo "2192"]
[WhiteTeam "Israel"]
[BlackTeam "Latvia"]
[WhiteFideId "14100126"]
[BlackFideId "11601345"]
[EventDate "2020.08.14"]
[EventType "team"]

1. e4 c6 2. d4 d5 3. e5 c5 4. dxc5 Nc6 5. Nf3 Bg4 6. Be3 e6 7. Bb5 Ne7 8. c3 a6
9. Ba4 Bxf3 10. Qxf3 Ng6 11. Bd4 Qg5 12. O-O Nxe5 13. Qe2 Nd7 14. f4 Qd8 15. b4
Qc7 16. Nd2 b5 17. cxb6 Nxb6 18. Bxc6+ Qxc6 19. f5 Nd7 20. fxe6 Qxe6 21. Qh5
O-O-O 22. Rae1 Qc6 23. Qxf7 Bd6 24. Rf5 Nf6 25. Qxg7 Ne4 26. Nxe4 dxe4 27. Qg4
Kb8 28. Qxe4 Qc7 29. Be5 Rhe8 30. Bxd6 Qxd6 31. Re5 Rf8 32. h3 Qb6+ 33. Qe3 Qc6
34. Re7 Rg8 35. Qf4+ Kc8 36. Qe4 Qb6+ 37. Kh1 Kb8 38. Re6 Qb5 39. a4 Qb7 40.
Qxb7+ Kxb7 41. Re7+ Kc6 42. c4 Rd6 43. Ra7 Kb6 44. Rxh7 Rdg6 45. Re2 Rd8 46.
Rhe7 Rd4 47. a5+ Kc6 48. Ra7 Rd1+ 49. Kh2 Rg8 50. Rxa6+ 1-0

[Event "Online Olym Div2 B 2020"]
[Site "chess.com INT"]
[Date "2020.08.14"]
[Round "3.5"]
[Board "4"]
[White "Rogule, Laura"]
[Black "Klinova, Masha"]
[Result "1-0"]
[WhiteTitle "WGM"]
[BlackTitle "IM"]
[WhiteElo "2297"]
[BlackElo "2275"]
[WhiteTeam "Latvia"]
[BlackTeam "Israel"]
[WhiteFideId "11601876"]
[BlackFideId "2802015"]
[EventDate "2020.08.14"]
[EventType "team"]

1. c4 e5 2. Nc3 Nc6 3. g3 g6 4. Bg2 Bg7 5. e4 d6 6. Nge2 f5 7. d3 Nf6 8. Nd5 Be6
9. O-O O-O 10. Bg5 Qd7 11. Qd2 Rae8 12. b4 Nd8 13. b5 Nh5 14. f3 c6 15. bxc6
bxc6 16. exf5 gxf5 17. Ndc3 Nf7 18. Be3 d5 19. cxd5 cxd5 20. Bc5 d4 21. Nd1 Nd6
22. f4 Rc8 23. Bb4 e4 24. Bxd6 Qxd6 25. dxe4 fxe4 26. Bxe4 d3 27. Bxd3 Qb6+ 28.
Nf2 Bxa1 29. Rxa1 Nf6 30. Rb1 Qc5 31. Rb5 Qc7 32. Re5 Bc4 33. Bf5 Rcd8 34. Qc2
Rf7 35. Nc3 Qb6 36. Na4 Qd4 37. Nc5 Nd5 38. Ne6 Re8 39. Nxd4 Rxe5 40. fxe5 Ne3
41. Qb2 Nxf5 42. Nxf5 Rxf5 43. Qb8+ Kg7 44. Qc7+ Bf7 45. e6 1-0

[Event "Online Olym Div2 B 2020"]
[Site "chess.com INT"]
[Date "2020.08.14"]
[Round "3.5"]
[Board "5"]
[White "Gorodetzky, David"]
[Black "Batashevs, Arsens"]
[Result "1-0"]
[WhiteTitle "IM"]
[WhiteElo "2489"]
[BlackElo "2149"]
[WhiteTeam "Israel"]
[BlackTeam "Latvia"]
[WhiteFideId "2813416"]
[BlackFideId "11603593"]
[EventDate "2020.08.14"]
[EventType "team"]

1. c4 g6 2. d4 Bg7 3. e4 Nc6 4. d5 Nd4 5. Nc3 c5 6. h4 d6 7. h5 e5 8. dxe6 Bxe6
9. Be3 Qa5 10. Rc1 f5 11. exf5 gxf5 12. Bd3 O-O-O 13. Nf3 Nh6 14. O-O f4 15.
Bxd4 cxd4 16. Nd5 Bg4 17. b4 Qa3 18. Qc2 Rhg8 19. Bxh7 Rh8 20. Be4 Nf7 21. c5
Kb8 22. c6 Rc8 23. c7+ Ka8 24. Ne7 Qc3 25. Bxb7+ Kxb7 26. Qe4+ Kxc7 27. Nxc8
Bxf3 28. Rxc3+ dxc3 29. Qe7+ Kxc8 30. Qxf7 Bd4 31. gxf3 Rh6 32. Qc4+ 1-0

[Event "Online Olym Div2 B 2020"]
[Site "chess.com INT"]
[Date "2020.08.14"]
[Round "3.5"]
[Board "6"]
[White "Golsta, Ramona"]
[Black "Katkov, Michelle"]
[Result "1/2-1/2"]
[BlackTitle "WFM"]
[WhiteElo "1708"]
[BlackElo "2144"]
[WhiteTeam "Latvia"]
[BlackTeam "Israel"]
[WhiteFideId "11607394"]
[BlackFideId "2816393"]
[EventDate "2020.08.14"]
[EventType "team"]

1. d4 Nf6 2. Nf3 e6 3. Bg5 d5 4. e3 c5 5. c3 Bd6 6. Bd3 Nbd7 7. O-O Qc7 8. h3 h6
9. Bxf6 Nxf6 10. Nbd2 Bd7 11. dxc5 Bxc5 12. e4 dxe4 13. Nxe4 Nxe4 14. Bxe4 O-O
15. Rc1 Rad8 16. Qe2 b5 17. Rfd1 Bb6 18. Ne5 f5 19. Nxd7 Rxd7 20. Bc2 Rxd1+ 21.
Rxd1 Qc6 22. Bb3 Rf6 23. Qe5 Rg6 24. g3 Bc7 25. Qxf5 Rf6 26. Qd3 Bb6 27. Rd2 Rf3
28. Qg6 Rf6 29. Qg4 a5 30. Re2 Kf7 31. Qh5+ Ke7 32. Qg4 Kf7 33. Qh5+ Kf8 34. Qg4
Kf7 1/2-1/2

[Event "Online Olym Div2 B 2020"]
[Site "chess.com INT"]
[Date "2020.08.15"]
[Round "4.1"]
[Board "1"]
[White "Halkias, Stelios"]
[Black "Kantans, Toms"]
[Result "1-0"]
[WhiteTitle "GM"]
[BlackTitle "GM"]
[WhiteElo "2563"]
[BlackElo "2499"]
[WhiteTeam "Greece"]
[BlackTeam "Latvia"]
[WhiteFideId "4201809"]
[BlackFideId "11602945"]
[EventDate "2020.08.14"]
[EventType "team"]

1. Nf3 c5 2. e4 d6 3. Bb5+ Nd7 4. d4 cxd4 5. Qxd4 a6 6. Bxd7+ Bxd7 7. O-O Rc8 8.
Bg5 h6 9. Bh4 Qc7 10. Nc3 Qc4 11. Qd2 g5 12. Bg3 Bg7 13. e5 g4 14. Nh4 Bxe5 15.
Bxe5 dxe5 16. Rfe1 Qd4 17. Qe2 Nf6 18. Rad1 Qc5 19. Nd5 Be6 20. Qxe5 Kf8 21.
Ng6+ fxg6 22. Qxe6 Rc6 23. Nxf6 1-0

[Event "Online Olym Div2 B 2020"]
[Site "chess.com INT"]
[Date "2020.08.15"]
[Round "4.1"]
[Board "2"]
[White "Reimanis, Ritvars"]
[Black "Pavlidis, Antonios"]
[Result "0-1"]
[WhiteTitle "FM"]
[BlackTitle "GM"]
[WhiteElo "2421"]
[BlackElo "2543"]
[WhiteTeam "Latvia"]
[BlackTeam "Greece"]
[WhiteFideId "11602988"]
[BlackFideId "4212312"]
[EventDate "2020.08.14"]
[EventType "team"]

1. d4 Nf6 2. c4 g6 3. Nc3 Bg7 4. e4 d6 5. Be2 O-O 6. Nf3 e5 7. O-O Nc6 8. d5 Ne7
9. Kh1 Kh8 10. Ne1 Nd7 11. g4 f5 12. gxf5 gxf5 13. Bg5 Nf6 14. f3 f4 15. Nd3 Ng6
16. Rg1 Bd7 17. c5 Qe8 18. Qe1 Nh5 19. c6 bxc6 20. dxc6 Bxc6 21. Nb4 Bd7 22.
Nbd5 Qe6 23. Rg4 Rac8 24. Ba6 c6 25. Bxc8 Rxc8 26. Nb4 Qc4 27. Nc2 Bxg4 28. fxg4
Nf6 29. Bxf6 Bxf6 30. Qe2 Qe6 31. Rd1 Nh4 32. h3 h5 33. Rg1 Rg8 34. Qd1 Be7 35.
Ne1 hxg4 36. Rxg4 f3 37. Nxf3 Rxg4 38. hxg4 Qxg4 39. Nxh4 Qxh4+ 40. Kg2 Qg5+ 41.
Kf2 Qf4+ 42. Ke2 Qh2+ 43. Kd3 Qh3+ 44. Kc2 Qg2+ 45. Kd3 Kg7 46. Qe2 Qg1 47. Qe3
Qxe3+ 48. Kxe3 Kf7 49. Kd3 Ke6 50. Kc4 Bh4 51. Ne2 d5+ 52. Kd3 Be1 53. Nc1 Kf6
54. Nb3 Ke7 55. Nc1 Bb4 56. Ne2 Kf6 57. a3 Be1 58. Nc1 Kg5 59. Ke2 Ba5 60. Kf3
Bb6 61. Nd3 Bd4 62. b3 a5 63. a4 Kf6 64. b4 Bb6 65. bxa5 Bxa5 66. Nc5 Bb4 67.
Nb3 Ke6 68. Ke3 c5 69. exd5+ Kxd5 70. a5 c4 71. Nc1 Bxa5 72. Ne2 Bb6+ 73. Kd2
Bd4 74. Ng3 e4 75. Nf5 Ke5 76. Ne7 c3+ 77. Ke2 Ke6 78. Nc6 Kd5 79. Ne7+ Kc4 80.
Nf5 e3 81. Nd6+ Kd5 0-1

[Event "Online Olym Div2 B 2020"]
[Site "chess.com INT"]
[Date "2020.08.15"]
[Round "4.1"]
[Board "3"]
[White "Tsolakidou, Stavroula"]
[Black "Rogule, Laura"]
[Result "1-0"]
[WhiteTitle "IM"]
[BlackTitle "WGM"]
[WhiteElo "2391"]
[BlackElo "2297"]
[WhiteTeam "Greece"]
[BlackTeam "Latvia"]
[WhiteFideId "4264312"]
[BlackFideId "11601876"]
[EventDate "2020.08.14"]
[EventType "team"]

1. d4 d5 2. c4 e6 3. Nf3 Nf6 4. g3 dxc4 5. Bg2 Nc6 6. Qa4 Bb4+ 7. Bd2 Bd6 8. Na3
Ne4 9. Be3 c3 10. bxc3 Nxc3 11. Qb3 O-O 12. Nc4 Be7 13. Rc1 Ne4 14. O-O a5 15.
Rfd1 a4 16. Qb1 Nf6 17. Bd2 Bd7 18. e4 b5 19. Nce5 Nxe5 20. Nxe5 Ba3 21. Rc2 b4
22. Nxd7 Qxd7 23. Bf4 Rfc8 24. d5 exd5 25. e5 Nh5 26. Rxd5 Qe6 27. Be3 Rab8 28.
Rc4 c6 29. Rdc5 b3 30. axb3 Bxc5 31. Rxc5 Rxb3 32. Qd1 g6 33. Bf3 Ng7 34. Bf4 a3
35. Be2 a2 36. Rc1 Rb2 37. Bc4 Qe7 38. e6 fxe6 39. Be5 Rb4 40. Bxa2 Rd8 41. Qe1
Rb6 42. Qc3 Nf5 43. Bf6 Qd6 44. Bxd8 Qxd8 45. Bxe6+ Kf8 46. Bxf5 gxf5 47. Qh8+
Ke7 48. Re1+ Kd7 49. Rd1+ 1-0

[Event "Online Olym Div2 B 2020"]
[Site "chess.com INT"]
[Date "2020.08.15"]
[Round "4.1"]
[Board "4"]
[White "Gorozhankina, Julia"]
[Black "Botsari, Anna-Maria"]
[Result "1/2-1/2"]
[WhiteTitle "WFM"]
[BlackTitle "WGM"]
[WhiteElo "2035"]
[BlackElo "2222"]
[WhiteTeam "Latvia"]
[BlackTeam "Greece"]
[WhiteFideId "4199650"]
[BlackFideId "4200446"]
[EventDate "2020.08.14"]
[EventType "team"]

1. e4 c5 2. Nf3 e6 3. c3 d5 4. e5 d4 5. Bd3 Bd7 6. O-O Bc6 7. Re1 Ne7 8. Na3 Ng6
9. Nc2 Nf4 10. Be4 d3 11. Na3 Ne2+ 12. Rxe2 dxe2 13. Qxe2 Be7 14. Nc2 O-O 15. d4
cxd4 16. Ncxd4 Bxe4 17. Qxe4 Nc6 18. Bf4 Qd5 19. Qe2 Nxd4 20. Nxd4 Rfe8 21. Nf3
Rad8 22. Be3 Qd3 23. Qe1 a6 24. h3 h6 25. Bd4 b5 26. Rd1 Qf5 27. Qe2 Rd5 28. a4
Red8 29. axb5 axb5 30. Ra1 g5 31. Nd2 f6 32. exf6 Bxf6 33. g4 Re5 34. Bxe5 Qxe5
35. Qxe5 Bxe5 36. Nf3 Bf6 37. Ra6 Kf7 38. Ra7+ Kg6 39. Ra6 Kf7 40. Ra7+ Kg6 41.
Ra6 Kf7 1/2-1/2

[Event "Online Olym Div2 B 2020"]
[Site "chess.com INT"]
[Date "2020.08.15"]
[Round "4.1"]
[Board "6"]
[White "Limanovska, Elizabete"]
[Black "Avramidou, Anastasia"]
[Result "0-1"]
[WhiteTitle "WFM"]
[BlackTitle "FM"]
[WhiteElo "2179"]
[BlackElo "2267"]
[WhiteTeam "Latvia"]
[BlackTeam "Greece"]
[WhiteFideId "11603542"]
[BlackFideId "4239873"]
[EventDate "2020.08.14"]
[EventType "team"]

1. e4 g6 2. d4 Bg7 3. Nc3 c6 4. f4 d5 5. e5 Nh6 6. Nf3 O-O 7. Be2 f6 8. O-O Bg4
9. Kh1 Nd7 10. Be3 Qb6 11. Qd2 Rad8 12. Nd1 e6 13. h3 Bxf3 14. Bxf3 Qc7 15. c3
c5 16. Bf2 Nf5 17. g4 Ne7 18. exf6 Nxf6 19. Re1 Ne4 20. Bxe4 dxe4 21. Rxe4 Qc6
22. Qe1 Rxf4 0-1

[Event "Online Olym Div2 B 2020"]
[Site "chess.com INT"]
[Date "2020.08.15"]
[Round "4.2"]
[Board "1"]
[White "Bologan, Victor"]
[Black "Rodshtein, Maxim"]
[Result "0-1"]
[WhiteTitle "GM"]
[BlackTitle "GM"]
[WhiteElo "2574"]
[BlackElo "2614"]
[WhiteTeam "Moldova"]
[BlackTeam "Israel"]
[WhiteFideId "13900048"]
[BlackFideId "2806851"]
[EventDate "2020.08.14"]
[EventType "team"]

1. e4 e5 2. Nf3 Nc6 3. Bc4 Bc5 4. c3 Nf6 5. d3 O-O 6. Nbd2 a5 7. h3 d5 8. exd5
Nxd5 9. Ne4 Be7 10. O-O Nb6 11. Bb3 a4 12. Bc2 f5 13. Ng3 Bd6 14. b4 axb3 15.
Bxb3+ Kh8 16. Ng5 Qe8 17. f4 h6 18. Nf3 Qg6 19. fxe5 Nxe5 20. Nh5 Qxh5 21. Nxe5
Qe8 22. Nf3 Be6 23. c4 f4 24. Bb2 Qg6 25. Kh1 Bd7 26. c5 Bxc5 27. Ne5 Qg5 28. d4
Bd6 29. Nxd7 Nxd7 30. Qf3 Nf6 31. Rae1 Nh5 32. Kh2 Ng3 33. Rg1 Rae8 34. Bc1 Nf5
35. Rxe8 Rxe8 36. Rd1 Nh4 37. Qf2 Re2 38. Qxe2 f3+ 39. Kg1 fxe2 40. Bxg5 exd1=Q+
41. Bxd1 hxg5 0-1